| 000 | 00463nam a22001457a 4500 | ||
|---|---|---|---|
| 005 | 20260116092658.0 | ||
| 008 | 260116b |||||||| |||| 00| 0 eng d | ||
| 020 | _a9788126531257 | ||
| 100 |
_aLammle Todd _d(c)2011 |
||
| 245 |
_aCisco Certified Network Associate Study Guide _b/Cisco Certified Network Associate Study Guide _c/Todd Lammle |
||
| 250 | _a7th ed | ||
| 260 |
_aNew Delhi: _bWiley Publishing, inc _c2011 |
||
| 300 |
_axxxii; 822 _c23cm |
||
| 942 |
_2ddc _cBK _n0 |
||
| 999 |
_c121 _d121 |
||